Mario Kart World - Fastest Characters - Statistics

General Stats
  • This quiz has been taken 49 times
  • The average score is 8 of 14
Answer Stats
Hint Answer % Correct
2.6 Bowser
95%
2.4 Wario
88%
2.4 Waluigi
84%
2.4 Donkey Kong
77%
2.2 Rosalina
65%
2.2 King Boo
60%
2.4 Cow
58%
2.4 Chargin' Chuck
47%
2.4 Wiggler
40%
2.2 Piranha Plant
33%
2.2 Cataquack
30%
2.2 Conkdor
30%
2.4 Pianta
28%
2.2 Snowman
28%
No matching quizzes found
Score Distribution
Percent of People with Each Score
Percentile by Number Answered
Your Score History
You have not taken this quiz